A quelle famille appartiennent ces molécules ?s ? - Statistiques

Statistiques générales
  • Ce quiz a été pris 24 fois
  • Le résultat moyen est 6 sur 8
Statistiques - réponses
Hint Réponse % Correct
cyclohexanol alcool
96%
2-methylpentanal aldéhyde
78%
3-ethyle-2-méthylpentanal aldéhyde
78%
N-methylpentanamide amide
78%
2,3-diméthylheptan-1-one cétone
78%
acide pentanoïque acide carboxylique
74%
3-methylheptanoate de propyle ester
70%
2-bromopentane halogénoalcane
30%
Aucun quiz correspondant
Distribution des résultats
% des personnes avec chaque résultat
Percentile par nombre de réponses
Votre historique - résultats
Vous n’avez pas pris ce quiz